000 00682nam a2200229Ia 4500
003 OSt
005 20240711124823.0
008 210210b1993 xxu||||| |||| 00| 0 eng d
020 _a81 85728 05 4
040 _cal
041 _aKannada
082 _aK894.109 KIRB
100 _aKIRTINATHA KURTAKOTI.
_dಕೀರ್ತಿನಾಥ ಕುರ್ತಕೋಟಿ
_9173137
245 _aBaro sadhanakerige.
_bಬಾರೋ ಸಾಧನಕೇರಿಗೆ
260 _aDharavada
_bManohara Granthamala
_c1993
300 _aviii,316
650 _asadhanakerige.
_9173138
650 _aBaro
_9173139
690 _aKannada Poetry Criticism
_9173140
906 _a049303
942 _2ddc
_cBK
999 _c98407
_d98407